=LDR 00000nam 2200000 4500 =001 INLIS000000000015314 =005 20130612110608 =008 ***********************************Ind** =035 ##$$0010-061300000015314 =041 ##$$a Ind =082 ##$$a 636.597 =090 ##$$a 636.597, SRI-z =100 ##$$a Srigandono, Bambang =245 ##$$a Ilmu Unggas Air, Bambang Srigandono =260 ##$$a 1991 $b Yogyakarta =300 ##$$a XIV, 158 hlm, Ilus, 21 cm =650 ##$$a Ternak Unggas =850 ##$$a NBPNMAT